000 01476cam a2200349 a 4500
001 2057
003 FISKH
005 20250327092701.0
008 960205s1996 nyua b 000 0 eng d
010 _a 96181115
020 _a0590508350
020 _a9780590508353
035 _a(OCoLC)34137546
040 _aOrNepLCD
_cOrNepLCD
_dOCoLC
_dDLC
_beng
042 _alccopycat
_alcac
050 0 0 _aQE521.3
_b.H47 1996
082 0 0 _a551.21
_221
100 1 _aCole, Joanna
245 1 4 _aThe magic school bus blows it's top :
_bA book about volcanoes /
260 _aNew York :
_bScholastic,
_c1996.
300 _a32 unnumbered pages :
_bcolor illustrations ;
_c21 cm
500 _a"Based on the episode from the animated TV series produced by Scholastic Productions, Inc. Based on the Magic School Bus book series written by Joanna Cole and illustrated by Bruce Degen"--T.p. verso.
505 _aM
520 _aMs. Frizzle's class is having a hard time putting together a giant globe of the world. A piece is missing...an island so new it hasn't been discovered yet! Before they know it, the kids are beneath the oceans' surface, exploring an underwater volcano. Join the class as they learn about volcanoes.
521 8 _a540
_bLexile
521 8 _aM
_bRaz-Plus
650 0 _aVolcanoes
_xJuvenile literature.
650 1 _aVolcanoes.
700 1 _aDegen, Bruce
_eillustrator
906 _a7
_bcbc
_ccopycat
_d2
_encip
_f19
_gy-gencatlg
942 _2ddc
_cBK
_n0
999 _c2057
_d2057